|
|
|
|
| LEADER |
00000nam0a2200000 4500 |
| 001 |
163696 |
| 005 |
20231101222421.0 |
| 010 |
|
|
|a 9785778210745
|
| 035 |
|
|
|a (RuTPU)RU\TPU\book\177602
|
| 090 |
|
|
|a 163696
|
| 100 |
|
|
|a 20090820d2009 m y0rusy50 ca
|
| 101 |
0 |
|
|a rus
|
| 102 |
|
|
|a RU
|
| 105 |
|
|
|a a j 001zy
|
| 200 |
1 |
|
|a Технология машиностроения
|f Х. М. Рахимянов, Б. А. Красильников, Э. З. Мартынов
|
| 210 |
|
|
|a Новосибирск
|c Изд-во НГТУ
|d 2009
|
| 215 |
|
|
|a 253 с.
|c ил.
|
| 225 |
1 |
|
|a Учебники НГТУ
|
| 320 |
|
|
|a Библиогр.: с. 159-162.
|
| 330 |
|
|
|a Пособие содержит подробные рекомендации по проектированию технологических процессов механической обработки для машиностроительных предприятий. Особое внимание уделено основополагающим разделам, связанным с эффективностью выбираемого варианта заготовки и технологического процесса, расчету припусков и операционных технологических размерных цепей, расчету режимов резания и норм времени. Приводятся справочные данные, необходимые при проектировании, и указания по оформлению графической части проекта и пояснительной записки. Предназначено для студентов, выполняющих курсовые проекты и бакалаврские выпускные работы по дисциплине «Технология машиностроения», специальностей 151001, 151002 и 220301. Может быть использовано при работе над дипломными проектами по технологической тематике.
|
| 606 |
1 |
|
|a Технология машиностроения
|x Курсовое проектирование
|2 stltpush
|3 (RuTPU)RU\TPU\subj\68588
|9 83797
|
| 610 |
1 |
|
|a машиностроение
|
| 610 |
1 |
|
|a курсовые проекты
|
| 610 |
1 |
|
|a проектные решения
|
| 610 |
1 |
|
|a детали
|
| 610 |
1 |
|
|a механическая обработка
|
| 610 |
1 |
|
|a технологическое оснащение
|
| 610 |
1 |
|
|a операции
|
| 610 |
1 |
|
|a процессы
|
| 610 |
1 |
|
|a технологические расчеты
|
| 610 |
1 |
|
|a специальные станочные приспособления
|
| 610 |
1 |
|
|a контрольно-измерительные устройства
|
| 610 |
1 |
|
|a учебные пособия
|
| 610 |
1 |
|
|a технология
|
| 675 |
|
|
|a 621.002.001.63(075.8)
|v 3
|
| 700 |
|
1 |
|a Рахимянов
|b Х. М.
|g Харис Магсуманович
|
| 701 |
|
1 |
|a Красильников
|b Б. А.
|g Борис Александрович
|
| 701 |
|
1 |
|a Мартынов
|b Э. З.
|g Эдуард Захарович
|
| 801 |
|
1 |
|a RU
|b 63413507
|c 20090820
|
| 801 |
|
2 |
|a RU
|b 63413507
|c 20150604
|g RCR
|
| 900 |
|
|
|a Основы технологии машиностроения
|
| 942 |
|
|
|c BK
|
| 959 |
|
|
|a 79/20090629
|d 2
|e 250,00
|f АНЛ:1
|f ЧЗТЛ:1
|
| 959 |
|
|
|a 99/20090924
|d 2
|e 403,00
|f АНЛ:1
|f ЧЗТЛ:1
|